000 01591nam a22003257a 4500
005 2010070308358.0
008 100703t xxu||||| |||| 00| 0 eng d
010 _aENG-96352
020 _a9780070681804
_c295.00
020 _a0070681805
_c295.00
035 _aEN-79885
037 _bDBAD/PUB
040 _adpl
_bEng
082 _a621.3
100 _aCathey, Jimmie J.
245 _aBasic electrical engineering /
_cby Jimmie J. Cathey [and] Syed A. Nasar ; adapted by Prabhat Kumar
250 _a3rd ed
260 _aNew Delhi
_bTata McGraw-Hill
_c2010
270 _a7, West Patel Nagar
_bNew Delhi
_e110008
300 _avarious pagings
_c24cm. (pbk)
490 _aSchaum's outlines
500 _aincludes index
520 _a"Get complete coverage of Oracle E-Business Suite's Self-Service modules, including Oracle iProcurement, Oracle Internet Expenses, Oracle iSupplier Portal, and Oracle iReceivables, inside this Oracle Press guide. Oracle Self-Service Applications discusses the features of each module and how they benefit organizational workflow, and reviews common implementation considerations that apply to all the modules. The book also provides detailed configuration instructions explaining each screen and field"--
650 _aElectrical engineering.
650 _aElectronics.
700 _aNasar, Syed A.
942 _2ddc
_cEN
_h621.3
_mCAT
999 _c36793
_d36793